| 000 | 00569nam a2200193Ia 4500 | ||
|---|---|---|---|
| 008 | 101110s9999 xx 000 0 und d | ||
| 041 | _aENGLISH | ||
| 082 | _bSR22842 | ||
| 100 | _aLakhani Book Depot Mumbai | ||
| 245 | _aModern English Literature (1900 to 1990) TYBA English P-VIII | ||
| 365 | _b175 | ||
| 520 | _aEnglish | ||
| 546 | _aENGLISH | ||
| 630 | _aModern English Literature (1900 to 1990) TYBA English P-VIII | ||
| 650 | _aEnglish | ||
| 655 | _aEnglish | ||
| 730 | _aModern English Literature (1900 to 1990) TYBA English P-VIII | ||
| 942 | _cBOOK | ||
| 999 |
_c815573 _d815570 |
||